Question Bank For RRB : (Record no. 210575)

MARC details
000 -LEADER
fixed length control field 00510nam a22001817a 4500
005 - DATE AND TIME OF LATEST TRANSACTION
control field 20250328125446.0
010 ## - LCCN (DPL NO)
LC control number ENG-144331
020 ## - INTERNATIONAL STANDARD BOOK NUMBER
Terms of availability 180.00
035 ## - SYSTEM CONTROL NUMBER
System control number EN-127863
037 ## - SOURCE OF ACQUISITION
Source of stock number/acquisition DBAD
082 ## - DEWEY DECIMAL CLASSIFICATION NUMBER
Classification number 000
245 ## - TITLE STATEMENT
Title Question Bank For RRB :
Remainder of title Group D/
250 ## - EDITION STATEMENT
Edition statement 1
260 ## - PUBLICATION, DISTRIBUTION, ETC. (IMPRINT)
Place of publication, distribution, etc Virudhunagar
Name of publisher, distributor, etc Thaai Pathippagam
Date of publication, distribution, etc 2019
270 ## - ADDRESS
City Virudhunagar
Address 11A,Avalappasamy Kovil Street,
Postal code 626001
Telephone number 9442612800
-- 04562265380
300 ## - PHYSICAL DESCRIPTION
Extent iii,352p.
Dimensions 21cm(pb)
942 ## - ADDED ENTRY ELEMENTS (KOHA)
Source of classification or shelving scheme Dewey Decimal Classification
Item type English Books
Classification part 000
Call number suffix QUE
Holdings
Withdrawn status Lost status Not for loan Collection code Home library Current library Date acquired Source of acquisition Cost, normal purchase price Full call number Barcode Copy number Cost, replacement price Koha item type
      Non-fiction Janak Puri Janak Puri 28/03/2025 DBAD 180.00 000 QUE EN-127863 1 180.00 English Books

© Delhi Public Library
Hit Counter
free hit counter